| 000 | 00531nam a2200169 a 4500 | ||
|---|---|---|---|
| 001 | 000035635 | ||
| 005 | 20200930074506.0 | ||
| 008 | 111107s1984 sp a 000 0 spa d | ||
| 020 | _a8426410359 | ||
| 040 |
_aDO-SdBNP _bspa _cBNPHU |
||
| 082 |
_axxxx _bxxxx |
||
| 100 | 1 |
_aDorfles, Gillo, _d1910- _961551 |
|
| 245 | 1 | 0 |
_aSímbolo, comunicación y consumo / _cGillo Dorfles. |
| 260 |
_aBarcelona, : _bLumen, _c1984. |
||
| 300 |
_a268 p. : _bil. ; _c19 cm. |
||
| 504 | _aIncluye referencias bibliográficas y notas al pie de las páginas | ||
| 999 |
_c35126 _d35126 |
||